Industrial and organizational psychology (Record no. 360058)

MARC details
000 -LEADER
fixed length control field 00488 a2200181 4500
005 - DATE & TIME
control field 20250501150409.0
008 - FIXED-LENGTH DATA ELEMENTS--GENERAL INFORMATION
fixed length control field 250423b |||||||| |||| 00| 0 eng d
020 ## - ISBN
International Standard Book Number 9789359779416
Price Rs. 2995.00
040 ## - CATALOGING SOURCE
Original cataloging agency VIVEKANANDA LIBRARY
082 ## - DDC NUMBER
Classification number 158.7
Book Number S13I
100 ## - MAIN ENTRY--PERSONAL NAME
Personal name Siddiqui, Zulfiqar Ullah
245 ## - TITLE STATEMENT
Title Industrial and organizational psychology
260 ## - PUBLICATION, DISTRIBUTION, ETC. (IMPRINT)
Name of publisher, distributor, etc The Readers Paradise
Date of publication, distribution, etc 2024
Place of publication, distribution, etc New Delhi
300 ## - PHYSICAL DESCRIPTION
Pages 405
650 ## - Subject
Subject Psychology
650 ## - Subject
Subject Industrial Psychology
942 ## - ADDED ENTRY ELEMENTS (KOHA)
Koha item type Books
Holdings
Withdrawn status Lost status Source of classification or shelving scheme Damaged status Not for loan Location (home branch) Sublocation or collection (holding branch) Date acquired Koha issues (times borrowed) Koha full call number Accession No. Koha date last seen Koha item type
    Dewey Decimal Classification     VIVEKANANDA LIBRARY VIVEKANANDA LIBRARY 23/12/2024   158.7 S13I 394680 23/12/2024 Books
© Designed and Maintained by Vivekananda Library, MDU Rohtak